Normal view
MARC view
- Casanova, María Antonia
Entry Nombre Personal
001 - NUMERO DE CONTROL
- campo de control: 35316
003 - IDENTIFICADOR DE NUMERO DE CONTROL
- campo de control: UPN
005 - FECHA Y HORA DE LA ÜLTIMA TRANSACCIÓN
- campo de control: 20210219194501.0
008 - DATOS DE LONGITUD FIJA
- campo de control de longitud fija: nabaccnnaabn|||||||||| b |nc|||||d
035 ## - NUMERO DE CONTROL
- Número de control: UPN11000007423
040 ## - FUENTE DE CATALOGACIÓN
- Lenguaje de catalogación: SPA
- Agencia de transcripción: UPN
100 1# - ENCABEZAMIENTO - NOMBRE PERSONAL
- Nombre personal: Casanova, María Antonia
670 ## - FUENTE EN LA QUE SE LOCALIZARON DATOS
- Cita de la fuente: T
- Información localizada: La evaluación educativa : Escuela básica
680 ## - NOTA PUBLICA DE ACCESO PÚBLICO
- Frase explicativa de la referencia: Subdirectora general de Educación Especial y de Atención a la Diversidad, en la Dirección General de Centros Educativos del Ministerio de Educación y Cultura en Madrid
902 ## - CATALOGADOR
- Catalogador: MITM/060614
